<?xml version="1.0" encoding="UTF-8"?>
<collection xmlns="http://www.loc.gov/MARC21/slim">
 <record>
  <leader>01363nam a22002897a 4500</leader>
  <controlfield tag="001">AAL6909</controlfield>
  <controlfield tag="003">BD-DhAAL</controlfield>
  <controlfield tag="005">20250826130946.0</controlfield>
  <controlfield tag="008">160224r20172002bg a|||| |||| 00| 1 ben d</controlfield>
  <datafield tag="020" ind1=" " ind2=" ">
   <subfield code="a">9844042119</subfield>
  </datafield>
  <datafield tag="020" ind1=" " ind2=" ">
   <subfield code="a">9847015201647</subfield>
  </datafield>
  <datafield tag="040" ind1=" " ind2=" ">
   <subfield code="a">BD-DhAAL</subfield>
   <subfield code="c">BD-DhAAL</subfield>
  </datafield>
  <datafield tag="041" ind1=" " ind2=" ">
   <subfield code="a">ben</subfield>
  </datafield>
  <datafield tag="082" ind1=" " ind2=" ">
   <subfield code="a">891.44371</subfield>
   <subfield code="2">23</subfield>
  </datafield>
  <datafield tag="100" ind1=" " ind2=" ">
   <subfield code="a">ইকবাল, মুহম্মদ জাফর.</subfield>
   <subfield code="9">18128</subfield>
  </datafield>
  <datafield tag="245" ind1=" " ind2=" ">
   <subfield code="a">কাজলের দিনরাত্রি /</subfield>
   <subfield code="c">মুহম্মদ জাফর ইকবাল.</subfield>
  </datafield>
  <datafield tag="246" ind1=" " ind2=" ">
   <subfield code="a">Kajaler dinratree</subfield>
  </datafield>
  <datafield tag="260" ind1=" " ind2=" ">
   <subfield code="a">ঢাকা :</subfield>
   <subfield code="b">অনুপম প্রকাশনী,</subfield>
   <subfield code="c">২০০২, ২০০৮ [নবম মুদ্রণ ২০১৭].</subfield>
  </datafield>
  <datafield tag="300" ind1=" " ind2=" ">
   <subfield code="a">১১০ পৃষ্ঠা :</subfield>
   <subfield code="b">চিত্র ;</subfield>
   <subfield code="c">২২ সে.মি.</subfield>
  </datafield>
  <datafield tag="526" ind1=" " ind2=" ">
   <subfield code="a">Residential Campus</subfield>
  </datafield>
  <datafield tag="541" ind1=" " ind2=" ">
   <subfield code="e">6909, 34853</subfield>
  </datafield>
  <datafield tag="650" ind1=" " ind2=" ">
   <subfield code="a">Bengali fiction</subfield>
   <subfield code="z">Bangladesh.</subfield>
   <subfield code="9">18130</subfield>
  </datafield>
  <datafield tag="852" ind1=" " ind2=" ">
   <subfield code="a">Savar Campus Library </subfield>
   <subfield code="c">General Stacks</subfield>
  </datafield>
  <datafield tag="942" ind1=" " ind2=" ">
   <subfield code="2">ddc</subfield>
   <subfield code="c">BK</subfield>
  </datafield>
  <datafield tag="999" ind1=" " ind2=" ">
   <subfield code="c">36920</subfield>
   <subfield code="d">36920</subfield>
  </datafield>
  <datafield tag="952" ind1=" " ind2=" ">
   <subfield code="0">0</subfield>
   <subfield code="1">0</subfield>
   <subfield code="2">ddc</subfield>
   <subfield code="4">0</subfield>
   <subfield code="6">891_443710000000000_IQB</subfield>
   <subfield code="7">0</subfield>
   <subfield code="9">58138</subfield>
   <subfield code="a">SCL</subfield>
   <subfield code="b">SCL</subfield>
   <subfield code="c">GEN</subfield>
   <subfield code="d">2016-02-24</subfield>
   <subfield code="g">100.00</subfield>
   <subfield code="l">16</subfield>
   <subfield code="m">26</subfield>
   <subfield code="o">891.44371 IQB</subfield>
   <subfield code="p">3020006909</subfield>
   <subfield code="r">2024-06-30</subfield>
   <subfield code="s">2024-06-27</subfield>
   <subfield code="t">1</subfield>
   <subfield code="w">2016-02-24</subfield>
   <subfield code="y">BK</subfield>
  </datafield>
  <datafield tag="952" ind1=" " ind2=" ">
   <subfield code="0">0</subfield>
   <subfield code="1">0</subfield>
   <subfield code="2">ddc</subfield>
   <subfield code="4">0</subfield>
   <subfield code="6">891_443710000000000_IQB</subfield>
   <subfield code="7">0</subfield>
   <subfield code="9">65700</subfield>
   <subfield code="a">SCL</subfield>
   <subfield code="b">SCL</subfield>
   <subfield code="c">GEN</subfield>
   <subfield code="d">2019-07-17</subfield>
   <subfield code="e">Development Book Agency</subfield>
   <subfield code="g">154.00</subfield>
   <subfield code="l">10</subfield>
   <subfield code="m">9</subfield>
   <subfield code="o">891.44371 IQB</subfield>
   <subfield code="p">3020034853</subfield>
   <subfield code="r">2026-03-03</subfield>
   <subfield code="s">2026-02-25</subfield>
   <subfield code="t">1</subfield>
   <subfield code="v">154.00</subfield>
   <subfield code="w">2019-07-17</subfield>
   <subfield code="y">BK</subfield>
  </datafield>
 </record>
</collection>
